| 000 | 00402nam a2200145Ia 4500 | ||
|---|---|---|---|
| 008 | 191201s2004 xx 000 0 und d | ||
| 082 |
_a621.3191 _bTES |
||
| 100 | _aTEMES L Loyd | ||
| 245 | 0 | _aSchaum's Outlines of Theory and Problems of Electronic Communication | |
| 250 | _a2nd | ||
| 260 |
_aN.Delhi _bTata Mc Graw Hill Pub. Co. Ltd _c2004 |
||
| 300 | _a178 | ||
| 650 | _aB.Tech(ECE) | ||
| 942 |
_2ddc _cBK |
||
| 999 |
_c959 _d959 |
||